00821nam a2200193 i 4500001000700000003000900007005001700016007000300033008004100036100003800077245020200115260005300317300003200370600003400402710002400436852002200460999001900482952012600501101815ES-MaACL20230906183002.0t|051026s1959 sp f |||| |bspa d1 aMelús, Rafael María L.98003110aVida y obra de la M.R.M. Elisea Oliver Molina, fundadora de la Congregación de Hermanas de la Beatísima Virgen María del Monte Carmelo, de la T.O. de Carmelitas / cRafael María L. Melús. aOrihuela (Alicante) : bH.H. Carmelitas, c1959. a375 p., 6 lám. ; c19 cm.14aOliver Molina, Elisea.9868402 aCarmelitas.9170526 aES-MaACLjC-16298 c101815d101815 00104070aATENEOMbATENEOMcGaleríad2008-01-17eSCl0oC-16298p1106291r2023-02-23 00:00:00w2023-02-23yMONOGRAFIA